000
00335 a2200109 4500
001
ART_45193
005
20260410162040.0
008
260409a
245
1
0
_a
Régimen recursivo en la reforma de la Ley de Procedimiento Tributario
100
1
_a
Diez, Fernando
773
0
_t
Impuestos
_g
- Nº 20 (ene. 2018)
_w
REV45175
999
_c
34807
_d
34807